[Event "NAT Grächen VS"]
[Site "?"]
[Date "2013.??.??"]
[Round "1"]
[White "Bauer, Christian"]
[Black "Leutwyler, Martin"]
[Result "1-0"]
[WhiteElo "2637"]
[BlackElo "2180"]
[PlyCount "51"]
[SourceDate "2013.07.11"]

1. e4 Nf6 2. e5 Nd5 3. d4 d6 4. c4 Nb6 5. exd6 exd6 6. Nc3 Nc6 7. Be2 Be7 8. h3
O-O 9. Nf3 Bf6 10. O-O Bf5 11. Bf4 h6 12. Rc1 Re8 13. b3 Re7 14. Qd2 g5 15. Be3
Bg7 16. d5 Ne5 17. Nxe5 dxe5 18. c5 Nc8 19. Rfd1 Rd7 20. d6 c6 21. Bd3 Be6 22.
Qc2 b6 23. Bh7+ Kh8 24. Be4 Bd5 25. Nxd5 cxd5 26. Bxd5 1-0

[Event "NAT Grächen VS"]
[Site "?"]
[Date "2013.??.??"]
[Round "1"]
[White "Salzgeber, Frank"]
[Black "Stojanovic, Mihajlo"]
[Result "1/2-1/2"]
[WhiteElo "2209"]
[BlackElo "2564"]
[PlyCount "60"]
[SourceDate "2013.07.11"]

1. d4 d5 2. Nf3 c5 3. dxc5 e6 4. a3 Bxc5 5. e3 Nf6 6. c4 O-O 7. b4 Be7 8. Bb2
a5 9. b5 Nbd7 10. Nbd2 Nb6 11. Qb3 Bd7 12. cxd5 Nfxd5 13. a4 Rc8 14. Be2 Bb4
15. O-O Nc3 16. Bc4 Ne4 17. Nxe4 Nxc4 18. Ne5 Nxb2 19. Qxb2 f6 20. Nxd7 Qxd7
21. Rfd1 Qe7 22. Rd3 Rfd8 23. Rad1 Kf7 24. h3 Rxd3 25. Rxd3 Rd8 26. Rxd8 Qxd8
27. Qc2 Qd5 28. Ng3 g6 29. Qc7+ Be7 30. Qxa5 h5 1/2-1/2

[Event "NAT Grächen VS"]
[Site "?"]
[Date "2013.??.??"]
[Round "1"]
[White "Sokolv, Andrei"]
[Black "Simon, Ralf-Axel"]
[Result "1-0"]
[WhiteElo "2563"]
[BlackElo "2203"]
[PlyCount "39"]
[SourceDate "2013.07.11"]

1. e4 c5 2. Nf3 e6 3. g3 d5 4. exd5 exd5 5. d4 Nc6 6. Bg2 Bg4 7. O-O Nxd4 8.
Qe1+ Ne7 9. Nxd4 cxd4 10. Nd2 Bf5 11. Nf3 Bxc2 12. Nxd4 Bd3 13. Bf4 Qb6 14. Qe3
Bxf1 15. Bxf1 Rc8 16. Bb5+ Kd8 17. Rd1 Rc6 18. Qe5 Rc5 19. a4 Ng6 20. Qe8# 1-0

[Event "NAT Grächen VS"]
[Site "?"]
[Date "2013.??.??"]
[Round "1"]
[White "Hund, Barbara"]
[Black "Miezis, Normunds"]
[Result "0-1"]
[WhiteElo "2195"]
[BlackElo "2548"]
[PlyCount "80"]
[SourceDate "2013.07.11"]

1. e4 c5 2. Nc3 e6 3. f4 Nc6 4. Nf3 d5 5. exd5 exd5 6. Bb5 Nge7 7. Qe2 Qd6 8.
d4 cxd4 9. Nxd4 g6 10. Be3 Bg7 11. O-O O-O 12. Qd2 Rd8 13. Nce2 Bd7 14. Bd3 Nb4
15. c3 Nxd3 16. Qxd3 Nf5 17. Nxf5 Bxf5 18. Qd2 Re8 19. Bd4 Bh6 20. Ng3 Be4 21.
Qf2 f5 22. Nxe4 dxe4 23. g3 Qe6 24. Rfe1 a6 25. b3 Rad8 26. Rad1 Rd7 27. Be5
Red8 28. Qe2 b5 29. c4 bxc4 30. bxc4 Bf8 31. Ba1 Rxd1 32. Rxd1 Rxd1+ 33. Qxd1
Qxc4 34. Qd2 Qc5+ 35. Kg2 e3 36. Qb2 Qd5+ 37. Kh3 Qe6 38. Qe2 Bc5 39. Qc2 e2
40. Bc3 Bf2 0-1

[Event "NAT Grächen VS"]
[Site "?"]
[Date "2013.??.??"]
[Round "1"]
[White "Gallagher, Joseph"]
[Black "Stoeri, Laura"]
[Result "1-0"]
[WhiteElo "2526"]
[BlackElo "2186"]
[PlyCount "55"]
[SourceDate "2013.07.11"]

1. e4 e5 2. Nf3 Nc6 3. Bc4 Bc5 4. c3 Nf6 5. d3 d6 6. Bb3 h6 7. h3 O-O 8. O-O
Re8 9. Nbd2 a6 10. Re1 Ba7 11. Nf1 d5 12. exd5 Nxd5 13. d4 e4 14. Ne5 Nxe5 15.
Rxe4 Nxc3 16. bxc3 Ng6 17. Qf3 Rf8 18. Ba3 c5 19. dxc5 Bd7 20. Rd1 Qc7 21. Rd6
Be6 22. Bxe6 fxe6 23. Qg3 Bxc5 24. Bxc5 Qxc5 25. Rdxe6 Nh8 26. Rxh6 Rac8 27. c4
Rc6 28. Rg4 1-0

[Event "NAT Grächen VS"]
[Site "?"]
[Date "2013.??.??"]
[Round "1"]
[White "Meyland, André"]
[Black "Kosteniuk, Alexandra"]
[Result "1-0"]
[WhiteElo "2183"]
[BlackElo "2521"]
[PlyCount "99"]
[SourceDate "2013.07.11"]

1. e4 c5 2. Nf3 Nc6 3. d4 cxd4 4. Nxd4 Nf6 5. Nc3 d6 6. Be2 e5 7. Nf3 h6 8. O-O
Be6 9. Re1 Be7 10. Bf1 O-O 11. h3 a6 12. a4 Qc7 13. b3 Nb4 14. Bb2 Nd7 15. Nd2
f5 16. Bc4 Bxc4 17. Nxc4 fxe4 18. Ba3 b5 19. Bxb4 bxc4 20. Nd5 Qd8 21. Nxe7+
Qxe7 22. Bxd6 Qf7 23. Bxf8 Rxf8 24. Rxe4 cxb3 25. cxb3 Qxf2+ 26. Kh1 Qf7 27.
Rc1 Qe6 28. Qg4 Rf5 29. Rec4 h5 30. Rc8+ Kh7 31. Qc4 Qe7 32. Qg8+ Kh6 33. Qh8+
Kg5 34. Qd8 Qxd8 35. Rxd8 Nf6 36. Rd6 a5 37. Re6 e4 38. Rc7 g6 39. Kg1 Rd5 40.
Rcc6 Rd1+ 41. Kh2 Nd5 42. Rxe4 Kf5 43. Re8 Nb4 44. Rc5+ Kf4 45. Rxa5 Nc2 46.
Rae5 Nd4 47. a5 Rd2 48. Re4+ Kf5 49. Rxd4 Rxd4 50. a6 1-0

[Event "NAT Grächen VS"]
[Site "?"]
[Date "2013.??.??"]
[Round "1"]
[White "Gerber, Richard"]
[Black "Pomini, Aurelien"]
[Result "1-0"]
[WhiteElo "2449"]
[BlackElo "2165"]
[PlyCount "65"]
[SourceDate "2013.07.11"]

1. d4 d5 2. c4 c6 3. Nc3 Nf6 4. Nf3 a6 5. a4 e6 6. Bg5 Be7 7. e3 a5 8. Bd3 Na6
9. O-O O-O 10. Ne5 Nb4 11. Rc1 Nxd3 12. Qxd3 Ng4 13. Bxe7 Nxe5 14. Qxh7+ Kxh7
15. Bxd8 Nd3 16. Bc7 Nxc1 17. Rxc1 dxc4 18. e4 Bd7 19. e5 b5 20. Ne4 Rfc8 21.
Bd6 Be8 22. Rc3 b4 23. Rh3+ Kg8 24. Rg3 f5 25. exf6 g6 26. h4 Kh8 27. h5 gxh5
28. f7 Bxf7 29. Be5+ Kh7 30. Nf6+ Kh8 31. Ng8+ Kh7 32. Rg7+ Kh8 33. Rg6+ 1-0

[Event "NAT Grächen VS"]
[Site "?"]
[Date "2013.??.??"]
[Round "1"]
[White "Levrand, Roland"]
[Black "Cebalo, Miso"]
[Result "1/2-1/2"]
[WhiteElo "2162"]
[BlackElo "2438"]
[PlyCount "63"]
[SourceDate "2013.07.11"]

1. e4 c5 2. Nf3 d6 3. d4 cxd4 4. Nxd4 Nf6 5. Nc3 g6 6. Be3 Bg7 7. f3 a6 8. Qd2
Nbd7 9. Bh6 Bxh6 10. Qxh6 b5 11. a4 b4 12. Na2 Qb6 13. O-O-O Bb7 14. Qd2 a5 15.
Bb5 Rd8 16. g4 O-O 17. h4 Ne5 18. h5 d5 19. Qg5 Nxf3 20. Nxf3 dxe4 21. Nh4 Qe6
22. Nf5 e3 23. hxg6 fxg6 24. Qh6 gxf5 25. gxf5 Rxd1+ 26. Rxd1 Qf7 27. b3 Qg7
28. Qxe3 Nd5 29. Qa7 Qf6 30. Qxb7 Qa1+ 31. Kd2 Qd4+ 32. Kc1 1/2-1/2

[Event "NAT Grächen VS"]
[Site "?"]
[Date "2013.??.??"]
[Round "1"]
[White "Raetsky, Alexander"]
[Black "Wirz, Heinz"]
[Result "1-0"]
[WhiteElo "2412"]
[BlackElo "2154"]
[PlyCount "85"]
[SourceDate "2013.07.11"]

1. e4 e6 2. d4 d5 3. Nc3 Bb4 4. e5 c5 5. Qg4 Ne7 6. dxc5 Nbc6 7. Bd2 Bxc5 8.
Nf3 O-O 9. Na4 Bb6 10. Nxb6 Qxb6 11. O-O-O f5 12. exf6 Rxf6 13. Qh5 e5 14. Bg5
g6 15. Qh4 Nf5 16. Qa4 Rf8 17. Rxd5 Be6 18. Rd2 Rac8 19. Qb5 e4 20. Qxb6 axb6
21. Ne1 h6 22. Be3 Nxe3 23. fxe3 Rcd8 24. Rxd8 Rxd8 25. Be2 Nb4 26. c3 Nxa2+
27. Kc2 Bb3+ 28. Kxb3 Nc1+ 29. Kc2 Nxe2 30. Rf1 Rd6 31. Rf2 Ng1 32. Kc1 h5 33.
Nc2 h4 34. Nd4 h3 35. Rf1 Rxd4 36. cxd4 Ne2+ 37. Kd2 hxg2 38. Kxe2 gxf1=Q+ 39.
Kxf1 Kf7 40. Kf2 Kf6 41. Kg3 Kg5 42. d5 Kf5 43. d6 1-0

[Event "NAT Grächen VS"]
[Site "?"]
[Date "2013.??.??"]
[Round "1"]
[White "Schweizer, Simon"]
[Black "Lötscher, Roland"]
[Result "0-1"]
[WhiteElo "2154"]
[BlackElo "2406"]
[PlyCount "84"]
[SourceDate "2013.07.11"]

1. e4 e5 2. Nf3 Nc6 3. Bb5 a6 4. Ba4 Nf6 5. d3 b5 6. Bb3 Bc5 7. O-O d6 8. c3
O-O 9. a4 Bg4 10. h3 Bh5 11. Re1 Rb8 12. Nbd2 Re8 13. Nf1 b4 14. g4 Bg6 15. a5
bxc3 16. bxc3 Na7 17. Be3 Bxe3 18. Nxe3 Nb5 19. Qc2 Nd7 20. Nd5 Nc5 21. Bc4 c6
22. Nb4 Rc8 23. Bxb5 cxb5 24. Nd5 f6 25. Reb1 Bf7 26. Nb6 Rc6 27. Nd2 d5 28.
exd5 Bxd5 29. c4 bxc4 30. dxc4 Bf7 31. Rd1 Rd6 32. Nb3 Bg6 33. Rxd6 Qxd6 34.
Qc3 Ne4 35. Qe3 f5 36. f3 f4 37. Qe2 Qb4 38. Qa2 Ng5 39. Nd2 Nxh3+ 40. Kg2 Ng5
41. c5+ Kh8 42. c6 Qc3 0-1

[Event "NAT Grächen VS"]
[Site "?"]
[Date "2013.??.??"]
[Round "1"]
[White "Buss, Ralph"]
[Black "Urban, Lars"]
[Result "1-0"]
[WhiteElo "2395"]
[BlackElo "2145"]
[PlyCount "71"]
[SourceDate "2013.07.11"]

1. Nf3 d5 2. c4 e6 3. g3 Nf6 4. Bg2 d4 5. O-O c5 6. e3 Nc6 7. exd4 cxd4 8. d3
Be7 9. Bg5 O-O 10. Nbd2 Nd7 11. Bxe7 Qxe7 12. a3 a5 13. Re1 Nc5 14. Qc2 e5 15.
Ne4 h6 16. Nfd2 Nxd3 17. Qxd3 f5 18. f4 fxe4 19. Bxe4 Qf6 20. Bxc6 bxc6 21.
Rxe5 Bf5 22. Ne4 Bxe4 23. Qxe4 Rfd8 24. Rd1 c5 25. Rxc5 d3 26. Rd2 Qb6 27. Qc6
Qa7 28. Qc7 Qa6 29. Rc6 Qc8 30. Qxc8 Rdxc8 31. Rxc8+ Rxc8 32. Kf2 Rxc4 33. Ke3
Rc6 34. Kxd3 Kf7 35. b4 axb4 36. axb4 1-0

[Event "NAT Grächen VS"]
[Site "?"]
[Date "2013.??.??"]
[Round "1"]
[White "Sprotte, Norbert"]
[Black "Klauser, Markus"]
[Result "0-1"]
[WhiteElo "2144"]
[BlackElo "2382"]
[PlyCount "74"]
[SourceDate "2013.07.11"]

1. d4 Nf6 2. Nf3 e6 3. e3 b6 4. Bd3 Bb7 5. O-O d5 6. b3 Bd6 7. Bb2 O-O 8. Nbd2
Ne4 9. a4 Nd7 10. Ne5 Bxe5 11. dxe5 Ndc5 12. Bxe4 dxe4 13. f4 exf3 14. Nxf3 Be4
15. Ba3 Qe7 16. Qd4 Bg6 17. Nh4 Rfd8 18. Nxg6 hxg6 19. Qf4 Rd7 20. Rf3 Re8 21.
Raf1 Nd3 22. Bxe7 Nxf4 23. Rxf4 Rexe7 24. Rd4 c5 25. Rdd1 g5 26. Kf2 f6 27. Ke2
Kf7 28. Rxd7 Rxd7 29. h3 Kg6 30. Rd1 Rxd1 31. Kxd1 g4 32. hxg4 Kg5 33. Ke2 Kxg4
34. exf6 gxf6 35. Kf2 e5 36. g3 e4 37. Kg2 a6 0-1

[Event "NAT Grächen VS"]
[Site "?"]
[Date "2013.??.??"]
[Round "1"]
[White "Michaelis, Nico"]
[Black "Huss, Andreas"]
[Result "0-1"]
[WhiteElo "2365"]
[BlackElo "2130"]
[PlyCount "86"]
[SourceDate "2013.07.11"]

1. c4 e6 2. Nf3 Nf6 3. d4 b6 4. g3 c6 5. Bg2 Ba6 6. Qc2 d5 7. cxd5 cxd5 8. O-O
Be7 9. Bg5 O-O 10. Bxf6 Bxf6 11. Rc1 Qd7 12. e3 Rc8 13. Nc3 Nc6 14. Qa4 Bd3 15.
Bf1 Bxf1 16. Kxf1 a6 17. Ne2 b5 18. Qd1 e5 19. dxe5 Nxe5 20. Nxe5 Bxe5 21. Nd4
g6 22. Rxc8+ Rxc8 23. Rc1 h5 24. b3 Rxc1 25. Qxc1 Bxd4 26. exd4 h4 27. Qf4 h3
28. Qb8+ Kh7 29. Qf4 b4 30. f3 Kg7 31. Kf2 Qc6 32. Qd2 a5 33. Ke1 Kg8 34. Kf2
Kg7 35. Ke1 Qf6 36. Qe3 Kh7 37. Kf2 Qf5 38. Qf4 Qc2+ 39. Ke1 Qb1+ 40. Ke2 Qxa2+
41. Ke1 Qb1+ 42. Kf2 Qc2+ 43. Ke1 Qf5 0-1

[Event "NAT Grächen VS"]
[Site "?"]
[Date "2013.??.??"]
[Round "1"]
[White "Li, Jingle"]
[Black "Burnier, David"]
[Result "0-1"]
[WhiteElo "2123"]
[BlackElo "2358"]
[PlyCount "66"]
[SourceDate "2013.07.11"]

1. d4 Nf6 2. c4 g6 3. Nc3 d5 4. cxd5 Nxd5 5. e4 Nxc3 6. bxc3 Bg7 7. Bc4 c5 8.
Ne2 Nc6 9. Be3 O-O 10. Rc1 cxd4 11. cxd4 Qd6 12. f3 Rd8 13. d5 Ne5 14. Bb3 Bd7
15. O-O Bb5 16. a4 Ba6 17. Bc5 Qd7 18. Rc2 Nd3 19. Be3 Nb2 20. Qd2 Nxa4 21.
Rfc1 Nb6 22. Rc7 Qb5 23. Nd4 Qe8 24. Bg5 Rd7 25. f4 h6 26. Bh4 Qd8 27. R7c5 Rc8
28. Nf3 Rdc7 29. Qb4 Qd6 30. Bf2 Qxf4 31. Bg3 Qe3+ 32. Bf2 Qxc1+ 33. Rxc1 Rxc1+
0-1

[Event "NAT Grächen VS"]
[Site "?"]
[Date "2013.??.??"]
[Round "1"]
[White "Grandadam, Nicolas"]
[Black "Angst, Robin"]
[Result "1-0"]
[WhiteElo "2335"]
[BlackElo "2112"]
[PlyCount "85"]
[SourceDate "2013.07.11"]

1. Nf3 d5 2. d4 Nf6 3. c4 e6 4. Nc3 Be7 5. Bg5 O-O 6. e3 h6 7. Bh4 b6 8. cxd5
Nxd5 9. Bxe7 Qxe7 10. Rc1 Nxc3 11. Rxc3 Bb7 12. Be2 Rc8 13. Qc2 c5 14. dxc5
Rxc5 15. Rxc5 Qxc5 16. Qxc5 bxc5 17. O-O Bd5 18. Rc1 Nd7 19. b3 Rb8 20. Ne1 a5
21. Nd3 Rc8 22. Nb2 Bc6 23. Kf1 Kf8 24. Bf3 Bb5+ 25. Ke1 Nb6 26. Be2 Bd7 27.
Nd3 c4 28. Ne5 Ke7 29. Nxc4 a4 30. Kd2 Nd5 31. e4 Nf4 32. Bf1 Rb8 33. Kc3 axb3
34. axb3 Bb5 35. g3 Ng6 36. f4 Rc8 37. Ra1 Rc7 38. Ra5 Bc6 39. Rc5 Nf8 40. Na5
Kd6 41. Kd4 Ba8 42. Nc4+ Kd7 43. Nb6+ 1-0

[Event "NAT Grächen VS"]
[Site "?"]
[Date "2013.??.??"]
[Round "1"]
[White "Paladini, Jean-Michel"]
[Black "Känel, Hans-Jürg"]
[Result "0-1"]
[WhiteElo "2106"]
[BlackElo "2331"]
[PlyCount "90"]
[SourceDate "2013.07.11"]

1. c4 e6 2. g3 d5 3. Bg2 Nf6 4. Nf3 dxc4 5. O-O Nbd7 6. Qc2 a6 7. a4 c5 8. Qxc4
b5 9. Qc2 Bb7 10. axb5 axb5 11. Rxa8 Qxa8 12. Na3 Qa6 13. d3 Be7 14. Bf4 O-O
15. Qb3 b4 16. Nc4 Nd5 17. Bd2 Bf6 18. Rc1 Nc7 19. Be3 Nb5 20. Qd1 Ra8 21. h4
Bd5 22. Nfd2 Bd4 23. Nb3 Bxe3 24. Nxe3 Bxb3 25. Qxb3 Nd4 26. Qd1 Ra7 27. Nc4
Qa4 28. e3 Qxd1+ 29. Rxd1 Nb3 30. Bc6 Nf6 31. Kg2 g6 32. Bf3 h6 33. Rb1 Ra2 34.
Bd1 Na5 35. Nxa5 Rxa5 36. Bb3 Kf8 37. f4 Ke7 38. Kf3 h5 39. Rd1 Nd7 40. d4 f5
41. dxc5 Nxc5 42. Bc4 b3 43. Rd2 Ra1 44. Kg2 Rc1 45. Kh3 Rxc4 0-1

[Event "NAT Grächen VS"]
[Site "?"]
[Date "2013.??.??"]
[Round "1"]
[White "Friedrich, Norbert"]
[Black "Staechelin, Ruedi"]
[Result "1-0"]
[WhiteElo "2315"]
[BlackElo "2096"]
[PlyCount "53"]
[SourceDate "2013.07.11"]

1. e4 e5 2. Nf3 Nc6 3. Bb5 a6 4. Ba4 d6 5. O-O Bd7 6. Nc3 Nf6 7. d4 b5 8. dxe5
Nxe5 9. Nxe5 dxe5 10. Bb3 Bc5 11. Bg5 c6 12. a4 Ra7 13. axb5 axb5 14. Rxa7 Bxa7
15. Qd6 Bb8 16. Qd3 Qe7 17. Rd1 h6 18. Bxf6 gxf6 19. Ne2 Bg4 20. f3 Bc8 21. c4
b4 22. Ba4 O-O 23. Kh1 Qc5 24. Ng3 Be6 25. Nh5 Qxc4 26. Qd2 Kh7 27. Qf2 1-0

[Event "NAT Grächen VS"]
[Site "?"]
[Date "2013.??.??"]
[Round "1"]
[White "Sprenger, Raphael"]
[Black "Habibi, Ali"]
[Result "0-1"]
[WhiteElo "2086"]
[BlackElo "2265"]
[PlyCount "56"]
[SourceDate "2013.07.11"]

1. e4 c5 2. f4 Nc6 3. Bb5 Qc7 4. d3 e6 5. Nf3 d6 6. O-O Bd7 7. a4 Nge7 8. Qe1
g6 9. Qc3 Rg8 10. Be3 Bg7 11. d4 Rc8 12. Rd1 a6 13. Bxc6 Bxc6 14. Nbd2 Bd7 15.
Qa3 c4 16. b3 b5 17. axb5 axb5 18. bxc4 bxc4 19. c3 d5 20. Ne5 f6 21. Nxd7 Qxd7
22. Rdb1 Kf7 23. Rb6 Rc6 24. Rab1 Rgc8 25. Rb7 R6c7 26. Qa6 Rxb7 27. Rxb7 Rc7
28. g4 Rxb7 0-1

[Event "NAT Grächen VS"]
[Site "?"]
[Date "2013.??.??"]
[Round "2"]
[White "Carron, Julien"]
[Black "Bauer, Christian"]
[Result "0-1"]
[WhiteElo "2376"]
[BlackElo "2637"]
[PlyCount "50"]
[SourceDate "2013.07.11"]

1. d4 Nf6 2. c4 b6 3. f3 Nc6 4. d5 Ne5 5. e4 e6 6. Bf4 Ng6 7. Be3 Bb4+ 8. Nc3
Bxc3+ 9. bxc3 d6 10. Nh3 O-O 11. Nf2 Qe8 12. Be2 Ba6 13. Qb3 Nh5 14. dxe6 fxe6
15. Qa3 Qc8 16. O-O-O Ne5 17. Qb3 Qe8 18. Bd4 Nf4 19. Bf1 Nc6 20. Qa3 Na5 21.
c5 Bxf1 22. Rhxf1 e5 23. Be3 Nxg2 24. Ng4 Qb5 25. cxd6 Nc4 0-1

[Event "NAT Grächen VS"]
[Site "?"]
[Date "2013.??.??"]
[Round "2"]
[White "Huss, Andreas"]
[Black "Sokolov, Andrei"]
[Result "1/2-1/2"]
[WhiteElo "2365"]
[BlackElo "2563"]
[PlyCount "26"]
[SourceDate "2013.07.11"]

1. d4 Nf6 2. c4 e6 3. Nf3 Bb4+ 4. Nbd2 b6 5. a3 Bxd2+ 6. Qxd2 Bb7 7. e3 O-O 8.
Bd3 d6 9. O-O Nbd7 10. b4 a5 11. Bb2 Ne4 12. Qe2 f5 13. Nd2 Nxd2 1/2-1/2

[Event "NAT Grächen VS"]
[Site "?"]
[Date "2013.??.??"]
[Round "2"]
[White "Burnier, David"]
[Black "Gallagher, Joseph"]
[Result "1/2-1/2"]
[WhiteElo "2358"]
[BlackElo "2526"]
[PlyCount "91"]
[SourceDate "2013.07.11"]

1. e4 c5 2. Nf3 d6 3. d4 cxd4 4. Nxd4 Nf6 5. Nc3 a6 6. Be3 e5 7. Nb3 Be6 8. Qd2
Nbd7 9. O-O-O Rc8 10. f4 b5 11. Kb1 Be7 12. h3 h5 13. Bd3 h4 14. Rhe1 Qc7 15.
Qf2 b4 16. Nd5 Nxd5 17. exd5 Bxd5 18. Bxa6 Ra8 19. Rxd5 Rxa6 20. Qe2 Qc6 21.
fxe5 Nxe5 22. Qb5 O-O 23. Qxc6 Nxc6 24. Bf4 Rd8 25. Red1 Rda8 26. Bxd6 Rxa2 27.
Bxe7 Nxe7 28. Rd8+ Kh7 29. Rxa8 Rxa8 30. Rd4 Nf5 31. Rxb4 g5 32. c4 Ne3 33. c5
Kg6 34. Rb6+ f6 35. Nd2 Nxg2 36. Ne4 Kf5 37. Nd6+ Ke5 38. Nf7+ Kd4 39. Rxf6
Kxc5 40. Nxg5 Rg8 41. Rf5+ Kb4 42. Kc1 Rd8 43. Nf3 Rd3 44. Rf8 Kb5 45. b3 Kb4
46. Nxh4 1/2-1/2

[Event "NAT Grächen VS"]
[Site "?"]
[Date "2013.??.??"]
[Round "2"]
[White "Habibi, Ali"]
[Black "Raetsky, Alexander"]
[Result "0-1"]
[WhiteElo "2265"]
[BlackElo "2412"]
[PlyCount "82"]
[SourceDate "2013.07.11"]

1. g3 d5 2. Bg2 e5 3. d3 Nc6 4. Nf3 g6 5. O-O Bg7 6. Nbd2 Nge7 7. c4 O-O 8.
cxd5 Nxd5 9. a3 a5 10. Ne4 h6 11. Qb3 a4 12. Qa2 Nde7 13. Qc4 Be6 14. Qc3 b6
15. Qe1 Nd4 16. Nxd4 exd4 17. Nd2 Ra7 18. Qd1 Nd5 19. Qc2 c5 20. Re1 Re8 21.
Nf3 g5 22. e4 dxe3 23. fxe3 Ne7 24. e4 Nc6 25. Be3 Bb3 26. Qe2 Rd7 27. h4 g4
28. Nd2 Be6 29. Bf1 Ne5 30. d4 cxd4 31. Bf2 d3 32. Qe3 b5 33. Rab1 Nc4 34. Qf4
Qf6 35. Nxc4 Qxf4 36. gxf4 Bxc4 37. e5 f6 38. Bg3 fxe5 39. fxe5 d2 40. Bxc4+
bxc4 41. Rf1 Bxe5 0-1

[Event "NAT Grächen VS"]
[Site "?"]
[Date "2013.??.??"]
[Round "2"]
[White "Lötscher, Roland"]
[Black "Grandadam, Nicolas"]
[Result "1-0"]
[WhiteElo "2406"]
[BlackElo "2344"]
[PlyCount "77"]
[SourceDate "2013.07.11"]

1. d4 d5 2. c4 c6 3. Nf3 Nf6 4. e3 Bg4 5. h3 Bxf3 6. Qxf3 e6 7. Bd3 Bb4+ 8. Nd2
Nbd7 9. O-O O-O 10. Rd1 Re8 11. a3 Bxd2 12. Rxd2 e5 13. Bf1 e4 14. Qd1 a6 15.
Rc2 dxc4 16. Rxc4 Nd5 17. Bd2 f5 18. a4 a5 19. b4 axb4 20. Qb3 Kh8 21. Bxb4 Ra7
22. Bd2 Nb8 23. Rcc1 Re7 24. Rcb1 Rd7 25. Ra3 h6 26. Qb2 Kh7 27. a5 Qf6 28. Rb3
Rf7 29. Qc2 h5 30. Qc5 b6 31. axb6 Rab7 32. Bc4 Rfd7 33. Ra1 Rd8 34. Qa5 Nd7
35. Bxd5 cxd5 36. Qxd5 Rxb6 37. Ba5 Ra8 38. Qxa8 Rxb3 39. Qd5 1-0

[Event "NAT Grächen VS"]
[Site "?"]
[Date "2013.??.??"]
[Round "2"]
[White "Hugentobler, Patrik"]
[Black "Buss, Ralph"]
[Result "1/2-1/2"]
[WhiteElo "2238"]
[BlackElo "2395"]
[PlyCount "118"]
[SourceDate "2013.07.11"]

1. e4 c5 2. Nc3 Nc6 3. Bb5 Nd4 4. Bc4 g6 5. Nf3 Bg7 6. Nxd4 cxd4 7. Qf3 e6 8.
Nb5 d6 9. Qa3 Ke7 10. c3 dxc3 11. dxc3 a6 12. Nd4 Qc7 13. Be2 e5 14. Nc2 Be6
15. O-O Nf6 16. Bg5 Rhc8 17. Rfd1 h6 18. Bxf6+ Bxf6 19. Ne3 Qc5 20. Qxc5 Rxc5
21. Nd5+ Bxd5 22. Rxd5 Rxd5 23. exd5 Rc8 24. f3 Bg5 25. Kf2 f5 26. Bd3 Kf7 27.
c4 Bd8 28. Ke2 Bb6 29. b3 Bd4 30. Rf1 Kf6 31. Kd2 a5 32. Rb1 Bc5 33. Kc2 Re8
34. Re1 Ra8 35. a4 Re8 36. Re2 Kg5 37. g3 Kf6 38. Kd1 h5 39. Ke1 Rh8 40. Kf1
Bd4 41. Kg2 Ke7 42. Kh3 Kf6 43. Kg2 Rf8 44. Bc2 Rg8 45. Bd3 Rg7 46. Bc2 Re7 47.
Bd3 Bc5 48. Bc2 Rh7 49. Bd3 Bd4 50. Bc2 Rg7 51. Bd3 g5 52. Re1 Rf7 53. h3 Ke7
54. Rf1 Kd8 55. g4 fxg4 56. fxg4 Rxf1 57. Kxf1 h4 58. Be4 Kc7 59. Ke2 Kd7
1/2-1/2

[Event "NAT Grächen VS"]
[Site "?"]
[Date "2013.??.??"]
[Round "2"]
[White "Klauser, Markus"]
[Black "Friedrich, Norbert"]
[Result "1/2-1/2"]
[WhiteElo "2382"]
[BlackElo "2315"]
[PlyCount "153"]
[SourceDate "2013.07.11"]

1. e4 c5 2. Nf3 e6 3. d3 Nc6 4. g3 g6 5. Bg2 Bg7 6. c3 Nge7 7. h4 h6 8. Be3 d6
9. Qd2 e5 10. Na3 Be6 11. O-O Qd7 12. d4 exd4 13. cxd4 d5 14. exd5 Nxd5 15. Ne5
Nxe5 16. dxe5 Nxe3 17. Qxe3 Qc7 18. Nb5 Qxe5 19. Qxe5 Bxe5 20. Rfe1 a6 21. Rxe5
axb5 22. Rxc5 O-O 23. Rxb5 Rxa2 24. Rxa2 Bxa2 25. Rxb7 Rd8 26. Bf3 Bd5 27. Bxd5
Rxd5 28. Kg2 Rd3 29. g4 Kg7 30. f3 Rd2+ 31. Kg3 g5 32. h5 Kf6 33. Rb6+ Kg7 34.
Rb3 Kf6 35. f4 gxf4+ 36. Kxf4 Rf2+ 37. Kg3 Rd2 38. Rf3+ Kg7 39. b4 Rb2 40. Rf4
Rb3+ 41. Kf2 f5 42. gxf5 Kf6 43. Ke2 Rh3 44. Rf3 Rh4 45. Rb3 Rxh5 46. b5 Rxf5
47. b6 Re5+ 48. Kd3 Re8 49. Rb5 Rb8 50. Kd4 Ke7 51. Kc5 Kd7 52. Rb1 Rg8 53. Kb5
Kc8 54. Rf1 Kb7 55. Rf7+ Kb8 56. Rh7 Rf8 57. Ka6 Rg8 58. Rxh6 Rf8 59. Rh7 Rg8
60. Rd7 Rh8 61. Kb5 Rh5+ 62. Kc6 Rh6+ 63. Rd6 Rxd6+ 64. Kxd6 Kb7 65. Kc5 Kb8
66. Kb5 Kb7 67. Ka5 Kb8 68. Ka6 Ka8 69. Ka5 Kb7 70. Kb5 Kb8 71. Kb4 Kb7 72. Kc5
Kb8 73. Kb5 Kb7 74. Ka5 Kb8 75. Ka6 Ka8 76. b7+ Kb8 77. Kb6 1/2-1/2

[Event "NAT Grächen VS"]
[Site "?"]
[Date "2013.??.??"]
[Round "2"]
[White "Stojanovic, Mihajlo"]
[Black "Meyland, André"]
[Result "1-0"]
[WhiteElo "2183"]
[BlackElo "2564"]
[PlyCount "69"]
[SourceDate "2013.07.11"]

1. d4 Nf6 2. c4 e6 3. Nc3 Bb4 4. e3 O-O 5. Bd3 c5 6. Nf3 d5 7. O-O Nc6 8. a3
Bxc3 9. bxc3 Qc7 10. h3 dxc4 11. Bxc4 e5 12. Qc2 cxd4 13. cxd4 exd4 14. Bd3
dxe3 15. Bb2 Qf4 16. Rae1 exf2+ 17. Rxf2 Qh6 18. Bxf6 gxf6 19. Re4 Ne5 20. Nxe5
fxe5 21. Rxe5 Bd7 22. Bxh7+ Kg7 23. Be4 Rfe8 24. Qb2 Rxe5 25. Qxe5+ Kg8 26. Bd5
Be6 27. Bxb7 Rd8 28. Kh2 Rd3 29. Rf3 Rxf3 30. Bxf3 Qf8 31. a4 Bd7 32. a5 Qd8
33. Qg3+ Kh8 34. Qd6 Qc8 35. Qd4+ 1-0

[Event "NAT Grächen VS"]
[Site "?"]
[Date "2013.??.??"]
[Round "2"]
[White "Cebalo, Miso"]
[Black "Räber, Markus"]
[Result "1-0"]
[WhiteElo "2438"]
[BlackElo "2245"]
[PlyCount "65"]
[SourceDate "2013.07.11"]

1. c4 e5 2. g3 Nc6 3. Bg2 g6 4. Nc3 Bg7 5. d3 d6 6. e4 f5 7. Nge2 Nf6 8. O-O
O-O 9. Nd5 h6 10. Rb1 Nh5 11. b4 f4 12. gxf4 exf4 13. Nexf4 Nxf4 14. Bxf4 Nd4
15. Bg3 h5 16. h3 c6 17. Ne3 Ne6 18. b5 Nf4 19. bxc6 bxc6 20. Bxf4 Rxf4 21. Qa4
Bd7 22. Rb7 Bd4 23. c5 Bxe3 24. Qb3+ d5 25. fxe3 Rxf1+ 26. Kxf1 Qf6+ 27. Kg1
Rf8 28. Qb2 Qe7 29. Qd4 Qf7 30. Kh2 h4 31. exd5 Qf2 32. Qe5 Rf5 33. Qb8+ 1-0

[Event "NAT Grächen VS"]
[Site "?"]
[Date "2013.??.??"]
[Round "2"]
[White "Arcuti, Davide"]
[Black "Salzgeber, Frank"]
[Result "1/2-1/2"]
[WhiteElo "2081"]
[BlackElo "2209"]
[PlyCount "65"]
[SourceDate "2013.07.11"]

1. d4 Nf6 2. c4 e6 3. Nc3 Bb4 4. Qc2 O-O 5. a3 Bxc3+ 6. Qxc3 d5 7. Nf3 dxc4 8.
Qxc4 b6 9. Bg5 Ba6 10. Qa4 c5 11. dxc5 bxc5 12. e3 Bxf1 13. Rxf1 Qb6 14. Bxf6
gxf6 15. Qc2 Nd7 16. Nd2 Ne5 17. Ne4 f5 18. Nf6+ Kg7 19. Nh5+ Kh6 20. Nf4 Rad8
21. Qc3 f6 22. Rc1 c4 23. Rd1 Nd3+ 24. Nxd3 cxd3 25. b4 Qa6 26. f4 d2+ 27. Rxd2
Rxd2 28. Qxd2 Qxa3 29. Rf3 Rc8 30. Rh3+ Kg6 31. Rg3+ Kh6 32. Rh3+ Kg6 33. Rg3+
1/2-1/2

[Event "NAT Grächen VS"]
[Site "?"]
[Date "2013.??.??"]
[Round "2"]
[White "Kosteniuk, Alexandra"]
[Black "Levrand, Roland"]
[Result "1-0"]
[WhiteElo "2521"]
[BlackElo "2162"]
[PlyCount "56"]
[SourceDate "2013.07.11"]

1. e4 c5 2. Nf3 d6 3. d4 cxd4 4. Nxd4 Nf6 5. Nc3 Nc6 6. Bg5 e6 7. Qd2 a6 8.
O-O-O Bd7 9. f3 Be7 10. Be3 b5 11. g4 Qa5 12. Nb3 Qc7 13. g5 Nh5 14. f4 h6 15.
g6 fxg6 16. Rg1 g5 17. fxg5 Ne5 18. gxh6 gxh6 19. a3 Nf6 20. Rg7 Nfg4 21. Bf4
Bf6 22. Rxg4 Nxg4 23. Bxd6 Qa7 24. Kb1 Qe3 25. Qg2 Ne5 26. Be2 O-O-O 27. Qf1
Qg5 28. Qf2 Be7 1-0